=LDR 00000nam 2200000 4500 =001 INLIS000000000044589 =005 20200401080450 =035 ##$$a 0010-101300000002511 =008 200401################g##########0#ind## =041 ##$$a Ind =082 ##$$a 297.61 =090 ##$$a 2x0.61 , Ami b =100 ##$$a Amirullah, Abdul Karim =245 1#$$a Berguru ke Cina berobat ke Arab /$c Abdul Karim Amirullah =260 ##$$a Surabaya :$b Java Pustaka,$c 2008 =300 ##$$a vii, 182 hlm. , : $b ilus. ; $c 21 x 15 cm. =850 ##$$a NBPNMAT =020 ##$$a 978-979-1121-57-6 =084 ##$$a 297.61 AMI b =650 #4$$a Islam dan Kesehatan =990 ##$$a 21109333 =990 ##$$a 21109334 =990 ##$$a 0001/BPAP-NTB/2015